|
|
|
|
| LEADER |
00000cam a2200000 c 4500 |
| 001 |
274561794 |
| 003 |
DE-627 |
| 005 |
20251222212649.0 |
| 007 |
tu |
| 008 |
890309s1988 xxu||||| 00| ||eng c |
| 016 |
7 |
|
|a b8858145
|2 UK
|
| 020 |
|
|
|a 0801835445
|9 0-8018-3544-5
|
| 035 |
|
|
|a (DE-627)274561794
|
| 035 |
|
|
|a (DE-576)017329744
|
| 035 |
|
|
|a (DE-599)GBV274561794
|
| 035 |
|
|
|a (OCoLC)230930650
|
| 035 |
|
|
|a (OCoLC)16351727
|
| 035 |
|
|
|a (OCoLC)16351727
|
| 035 |
|
|
|a (DE-604)8008201560
|
| 040 |
|
|
|a DE-627
|b ger
|c DE-627
|e rakwb
|
| 041 |
|
|
|a eng
|
| 044 |
|
|
|c XD-US
|
| 050 |
|
0 |
|a JC599.U5
|
| 082 |
0 |
|
|a 323.40973
|
| 082 |
0 |
|
|a 323.4/0973
|
| 084 |
|
|
|a 3,7
|2 ssgn
|
| 084 |
|
|
|a MG 70065
|2 rvk
|0 (DE-625)rvk/122860:12041
|
| 084 |
|
|
|a MS 3300
|2 rvk
|0 (DE-625)rvk/123679:
|
| 100 |
1 |
|
|8 1\p
|a Bumiller, Kristin
|0 (DE-588)1261323386
|0 (DE-627)1808514122
|4 aut
|
| 109 |
|
|
|a Bumiller, Kristin
|
| 245 |
1 |
4 |
|a The civil rights society
|b the social construction of victims
|c Kristin Bumiller
|
| 264 |
|
1 |
|a Baltimore [u.a.]
|b Johns Hopkins University Press
|c 1988
|
| 300 |
|
|
|a X, 161 S.
|
| 336 |
|
|
|a Text
|b txt
|2 rdacontent
|
| 337 |
|
|
|a ohne Hilfsmittel zu benutzen
|b n
|2 rdamedia
|
| 338 |
|
|
|a Band
|b nc
|2 rdacarrier
|
| 583 |
1 |
|
|a Massenentsäuerung nicht möglich
|2 pdager
|5 DE-18
|
| 650 |
|
0 |
|a Civil Rights
|x United States
|
| 650 |
|
4 |
|a United States. Civil rights
|
| 650 |
|
4 |
|a Civil rights++United States
|
| 689 |
0 |
0 |
|d g
|0 (DE-588)4078704-7
|0 (DE-627)106076612
|0 (DE-576)209209682
|a USA
|2 gnd
|
| 689 |
0 |
1 |
|d s
|0 (DE-588)4012472-1
|0 (DE-627)106348310
|0 (DE-576)20889862X
|a Diskriminierung
|2 gnd
|
| 689 |
0 |
|
|5 (DE-627)
|
| 689 |
1 |
0 |
|d g
|0 (DE-588)4078704-7
|0 (DE-627)106076612
|0 (DE-576)209209682
|a USA
|2 gnd
|
| 689 |
1 |
1 |
|d s
|0 (DE-588)4146877-6
|0 (DE-627)105580910
|0 (DE-576)209752629
|a Bürgerrecht
|2 gnd
|
| 689 |
1 |
|
|5 (DE-627)
|
| 856 |
4 |
2 |
|u http://www.loc.gov/catdir/description/jhu051/87045485.html
|x Verlag
|y Publisher description
|7 1
|
| 883 |
|
|
|8 1\p
|a cgwrk
|d 20250604
|q DE-101
|u https://d-nb.info/provenance/plan#cgwrk
|
| 889 |
|
|
|w (DE-627)040603911
|
| 935 |
|
|
|i mdedup
|
| 935 |
|
|
|i Blocktest
|
| 936 |
r |
v |
|a MG 70065
|b Menschenrechte
|k Politologie
|k Politische Systeme einzelner Länder
|k Europa, Nordamerika
|k Nordamerika
|k USA
|k Menschenrechte
|0 (DE-627)1271876248
|0 (DE-625)rvk/122860:12041
|0 (DE-576)201876248
|
| 936 |
r |
v |
|a MS 3300
|b Allgemeine Literatur
|k Soziologie
|k Spezielle Soziologien
|k Soziologie der Minoritäten und Randgruppen
|k Allgemeine Literatur
|0 (DE-627)1270879677
|0 (DE-625)rvk/123679:
|0 (DE-576)200879677
|
| 951 |
|
|
|a BO
|
| ELC |
|
|
|b 1
|
| LOK |
|
|
|0 000 xxxxxcx a22 zn 4500
|
| LOK |
|
|
|0 001 3317402474
|
| LOK |
|
|
|0 003 DE-627
|
| LOK |
|
|
|0 004 274561794
|
| LOK |
|
|
|0 005 20151022134943
|
| LOK |
|
|
|0 008 890309||||||||||||||||ger|||||||
|
| LOK |
|
|
|0 040
|a DE-21
|c DE-627
|d DE-21
|
| LOK |
|
|
|0 852
|a DE-21
|
| LOK |
|
|
|0 852 1
|c KB 18 A 4805
|9 00
|
| LOK |
|
|
|0 935
|a krim
|
| LOK |
|
|
|0 939
|a 09-03-89
|b l01
|
| ORI |
|
|
|a SA-MARC-krimdoka001.raw
|
| SIG |
|
|
|a UB: KB 18 A 4805
|